<?xml version="1.0" encoding="UTF-8"?>
<record
    xmlns:xsi="http://www.w3.org/2001/XMLSchema-instance"
    xsi:schemaLocation="http://www.loc.gov/MARC21/slim http://www.loc.gov/standards/marcxml/schema/MARC21slim.xsd"
    xmlns="http://www.loc.gov/MARC21/slim">

  <leader>00795nam a22002537a 4500</leader>
  <controlfield tag="005">20170123162345.0</controlfield>
  <datafield tag="010" ind1=" " ind2=" ">
    <subfield code="a">A-791306</subfield>
  </datafield>
  <datafield tag="020" ind1=" " ind2=" ">
    <subfield code="c">80.00</subfield>
  </datafield>
  <datafield tag="035" ind1=" " ind2=" ">
    <subfield code="a">A-791306</subfield>
  </datafield>
  <datafield tag="037" ind1=" " ind2=" ">
    <subfield code="b">Cen Lib/Ret</subfield>
  </datafield>
  <datafield tag="040" ind1=" " ind2=" ">
    <subfield code="a">DPL</subfield>
    <subfield code="b">UR</subfield>
  </datafield>
  <datafield tag="082" ind1=" " ind2=" ">
    <subfield code="a">&#x646; </subfield>
    <subfield code="b">&#x62D; &#x62C; &#x627; </subfield>
  </datafield>
  <datafield tag="100" ind1=" " ind2=" ">
    <subfield code="a">&#x62D;&#x62C;&#x627;&#x628; &#x627;&#x645;&#x62A;&#x6CC;&#x627;&#x632; &#x639;&#x644;&#x6CC; </subfield>
    <subfield code="9">109692</subfield>
  </datafield>
  <datafield tag="245" ind1=" " ind2=" ">
    <subfield code="a">&#x67E;&#x627;&#x6AF;&#x644; &#x62E;&#x627;&#x646;&#x6C1; /</subfield>
    <subfield code="c">&#x62D;&#x62C;&#x627;&#x628; &#x627;&#x645;&#x62A;&#x6CC;&#x627;&#x632; &#x639;&#x644;&#x6CC; </subfield>
  </datafield>
  <datafield tag="246" ind1=" " ind2=" ">
    <subfield code="a">Pagal khana /</subfield>
    <subfield code="b">by Hijab Imtiaz Ali </subfield>
  </datafield>
  <datafield tag="260" ind1=" " ind2=" ">
    <subfield code="a">&#x646;&#x6CC;&#x6CC; &#x62F;&#x6C1;&#x644;&#x6CC; </subfield>
    <subfield code="b">&#x648;&#x62C;&#x6D2; &#x67E;&#x628;&#x644;&#x6CC;&#x6A9;&#x6CC;&#x634;&#x646;&#x632; </subfield>
    <subfield code="c">1992</subfield>
  </datafield>
  <datafield tag="270" ind1=" " ind2=" ">
    <subfield code="b">&#x646;&#x6CC;&#x6CC; &#x62F;&#x6C1;&#x644;&#x6CC; </subfield>
    <subfield code="a">&#x662;&#x667;&#x660;&#x60C; &#x646;&#x648; &#x631;&#x627;&#x62C;&#x646;&#x62F;&#x631;&#x627; &#x646;&#x6AF;&#x631; </subfield>
    <subfield code="e">110060</subfield>
  </datafield>
  <datafield tag="300" ind1=" " ind2=" ">
    <subfield code="a">320p.</subfield>
    <subfield code="c">17cm(Hb)</subfield>
  </datafield>
  <datafield tag="650" ind1=" " ind2=" ">
    <subfield code="a">&#x627;&#x631;&#x62F;&#x648; &#x627;&#x62F;&#x628; </subfield>
    <subfield code="9">130445</subfield>
  </datafield>
  <datafield tag="650" ind1=" " ind2=" ">
    <subfield code="a">&#x627;&#x631;&#x62F;&#x648; &#x646;&#x627;&#x648;&#x644; </subfield>
    <subfield code="9">130446</subfield>
  </datafield>
  <datafield tag="650" ind1=" " ind2=" ">
    <subfield code="a">Urdu literature</subfield>
    <subfield code="9">130447</subfield>
  </datafield>
  <datafield tag="650" ind1=" " ind2=" ">
    <subfield code="a">Urdu novel</subfield>
    <subfield code="9">130448</subfield>
  </datafield>
  <datafield tag="942" ind1=" " ind2=" ">
    <subfield code="2">ddc</subfield>
    <subfield code="c">UR</subfield>
    <subfield code="h">&#x646; </subfield>
    <subfield code="m">&#x62D; &#x62C; &#x627; </subfield>
  </datafield>
  <datafield tag="999" ind1=" " ind2=" ">
    <subfield code="c">108823</subfield>
    <subfield code="d">108823</subfield>
  </datafield>
  <datafield tag="952" ind1=" " ind2=" ">
    <subfield code="0">0</subfield>
    <subfield code="1">0</subfield>
    <subfield code="4">0</subfield>
    <subfield code="7">0</subfield>
    <subfield code="a">L</subfield>
    <subfield code="b">L</subfield>
    <subfield code="d">2016-02-05</subfield>
    <subfield code="e">Cen Lib/Ret</subfield>
    <subfield code="g">80.00</subfield>
    <subfield code="l">1</subfield>
    <subfield code="o">&#x646;  &#x62D; &#x62C; &#x627;</subfield>
    <subfield code="p">A-791306</subfield>
    <subfield code="r">2017-11-18 00:00:00</subfield>
    <subfield code="s">2017-11-08</subfield>
    <subfield code="t">1</subfield>
    <subfield code="v">80.00</subfield>
    <subfield code="w">2016-02-05</subfield>
    <subfield code="y">UR</subfield>
  </datafield>
</record>
